Kaszás Attila hullámsírban

Bibliographic Details
Main Author: Vrabec, Mária, 1970- (Author)
Format: Article
Language:Hungarian
PhysicalDescription:Fotogr.
Subjects:

MARC

LEADER 00000nab a2200000 ar4500
001 vtls009004086
003 SK-MaSNL
005 20260319071303.0
008 070427c2007 xo |||||||| 000 b|hun
015 |a SNBRB2007/04  |2 snkbucl 
038 |a SNKBUCL 
040 |a DSZK  |b slo  |c DSZK  |e AACR2 
041 0 |a hun 
044 |a xo  |c SK 
080 |a 792.071.2  |2 1997 
100 1 |a Vrabec, Mária,  |d 1970-  |4 aut  |9 102331 
245 1 0 |a Kaszás Attila hullámsírban  |c Vrabec Mária 
300 |b Fotogr. 
600 1 7 |a Kaszás, Attila,  |d 1960-2007  |2 snkbucl  |9 103293 
773 0 |t Vasárnap  |g Évf. 40, sz. 17 (2007), o. 26 
852 |a SNK  |b KIS3GCP 
852 |a DSZK  |b KIS3GCP 
958 |a HU 
958 |a SK 
999 |c 1751932  |d 1753862